| 000 | 00000nam##2200000za#4500 |
| 001 | 9.691807 |
| 003 | CaOODSP |
| 005 | 20210624232930 |
| 007 | cr ||||||||||| |
| 008 | 150407|2009||||xxc|||||o f|0| 0 eng|d |
| 020 | |a978-1-100-11785-0 |
| 040 | |aCaOODSP|beng |
| 043 | |an-cn--- |
| 086 | 1 |aSG2-1/8-2008E-PDF |
| 110 | 1 |aCanada. |bService Canada. |
| 245 | 10|aSectoral outlook 2009-2011 - Laurentides |h[electronic resource] |
| 260 | |aMontreal - Quebec : |bService Canada |cOctober 2009. |
| 300 | |a20p.|btables |
| 590 | |a14-17-Supp|b2014-10-09 |
| 775 | 08|tPerspectives sectorielles 2009-2011 - Laurentides |w(CaOODSP)9.636126 |
| 856 | 40|ahttp://publications.gc.ca|qPDF|s296 KB|uhttps://publications.gc.ca/collections/collection_2014/servcan/SG2-1-8-2008-eng.pdf |